Statistics for All UFC Light Heavyweight Champions

Click here to take the quiz!

General Stats

  • This quiz has been taken 124 times
    (49 since last reset)
  • The average score is 12 of 21

Answer Stats

HintSuccessful DefensesChampion% Correct
2018-20203Jon Jones
97%
2017
(Interim)
-Jon Jones
97%
2011-20158Jon Jones
97%
2023-Present1Alex Pereira
89%
2015-20183Daniel Cormier
81%
2023-20230Jamahal Hill
78%
20220Jiří Procházka
73%
2021-20220Glover Teixeira
70%
2005-20074Chuck Liddell
57%
2010-20110Maurício Rua
54%
2020-20211Jan Błachowicz
51%
2009-20101Lyoto Machida
51%
2000-20035Tito Ortiz
51%
2007-20081Quinton Jackson
43%
2008-20090Rashad Evans
43%
2004-20050Randy Couture
41%
2003-20040Randy Couture
41%
2003
(Interim)
-Randy Couture
41%
1997-19994Frank Shamrock
32%
20080Forrest Griffin
27%
20040Vitor Belfort
22%

Score Distribution

Percentile by Number Answered

Percent of People with Each Score

Your Score History

You have not taken this quiz since the last reset